Some finnish cities - Statistics

General Stats
  • This quiz has been taken 31 times
  • The average score is 17 of 60
Answer Stats
Hint Answer % Correct
City Helsinki
100%
City Turku
86%
City Oulu
83%
City Espoo
79%
City Tampere
76%
City Rovaniemi
72%
City Vantaa
66%
City Jyväskylä
62%
City Pori
62%
City Vaasa
55%
City Joensuu
52%
City Kotka
52%
City Kouvola
48%
City Kuopio
45%
City Lahti
45%
City Mikkeli
45%
City Porvoo
45%
City Hämeenlinna
41%
City Lappeenranta
41%
City Rauma
38%
City Tornio
38%
City Kemi
34%
City Kokkola
34%
City Seinäjoki
34%
City Imatra
31%
City Salo
28%
City Hamina
24%
City Hyvinkää
21%
City Lohja
21%
City Utsjoki
21%
City Uusikaupunki
21%
City Ii
17%
City Iisalmi
17%
City Kirkkonummi
17%
City Riihimäki
17%
City Inari
14%
City Kalajoki
10%
City Kangasala
10%
City Kauniainen
10%
City Kuusamo
10%
City Naantali
10%
City Ylöjärvi
10%
City Lieksa
7%
City Liminka
7%
City Mariehamn
7%
City Nokia
7%
City Raahe
7%
City Virolahti
3%
City Ylivieska
3%
City Alavieska
0%
City Hailuoto
0%
City Ilomantsi
0%
City Jakobstad
0%
City Joutseno
0%
City Koria
0%
City Laihia
0%
City Laukaa
0%
City Mänttä Vilppula
0%
City Nurmee
0%
City Salla
0%
No matching quizzes found
Score Distribution
Percent of People with Each Score
Percentile by Number Answered
Your Score History
You have not taken this quiz